1001 1798 1761 1437 1281 1536 1282 1568 1555 1935 1946 1913 1326 1774 1636 1605 1485 1299 1231 1310 1691 1452 1607 1361 1627 1496 1738 1905 1490 1220 1787 1763 1229 1518 1798 1973 1674 1461 1445 1442 1117 1644 1346 1920 1226 1961 1966 1285 1785 1655 1632 1072 1052 1585 1355 1569 1965 1328 1761 1145 1387 1001 1829 1548 1090 1197 1831 1026 1803 1381 1639 1631 1162 1913 1207 1911 1163 1949 1199 1606 1700 1011 1072 1414 1650 1033 1746 1891 1624 1832 1860 1426 1655 1015 1872 1142 1425 1102 1192 BCNSPRNW ULIB Ver.6.0+V

เปลี่ยนเป็นภาษาไทย

Change to English
 แสดงรายละเอียดบรรณานุกรม
  กลับหน้าหลัก

Brief Record : Get Marc (ISO 2709) : E-mail record : QR code < ปิดหน้าต่าง
LEADER : 00000nam 2200000uu 4500
001    13399111843
003     ULIB
008    110322s2550||||th 000 0 tha d
020    9789741102666
050  4 HA62^bS111ห 2550
100 0  สรชัย พิศาลบุตร
245 00 การสร้างและการประมวลผลข้อมูลจากแบบสอบถาม/^cสรชัย พิศาลบุตร
250    พิมพ์ครั้งที่ 2
260    กรุงเทพฯ:^bวิทยพัฒน์,^c2550
300    308 หน้า :^bภาพประกอบ
650  7 การวิจัย
650  7 แบบสอบถาม
650  7 แบบสอบถาม^xการประมวลผล
945    ^p230^l0^i024727
945    ^p230^l0^i025017
995    ทศพร
999 ^a ใช้งานได้ทุกระบบ
รายการนี้ยังไม่มีแท็ก
คุณยังไม่ได้ล็อกอิน คุณสามารถมีกิจกรรมร่วมกับเว็บไซต์ได้ แต่ต้องล็อกอินก่อน ::
  ล็อกอิน

รายการสื่อสารสนเทศ

ลำดับที่ ประเภท เลขเรียก/บาร์โค้ด สถานที่ สถานะ
1. การศึกษาทั่วไป
หนังสือสำรอง
สถานะ=หนังสือสำรอง
HA62 S111ห 2550 ฉ.1 
  Barcode: 024727
ห้องสมุดวิทยาเขตสวรรค์ประชารักษ์
►หนังสือทั่วไป
บนชั้น
2. การศึกษาทั่วไป
การศึกษาทั่วไป
HA62 S111ห 2550 ฉ.2 
  Barcode: 025017
ห้องสมุดวิทยาเขตสวรรค์ประชารักษ์
►หนังสือทั่วไป
บนชั้น

รายการใกล้เคียง
    ผู้แต่ง [สรชัย พิศาลบุตร]

    หัวเรื่อง [การวิจัย]
    หัวเรื่อง [แบบสอบถาม]

BibComment


ยังไม่เคยถูกคอมเมนท์

คอมเมนท์ทรัพยากรรายการนี้
  คอมเมนท์: การสร้างและการประ..


 Copyright 2026. Bcnsprnw @Library